Subah dopahar sham: chatr samskaran: (Record no. 214485)

MARC details
000 -LEADER
fixed length control field 00652nam a2200217Ia 4500
003 - CONTROL NUMBER IDENTIFIER
control field OSt
005 - DATE AND TIME OF LATEST TRANSACTION
control field 20250328041624.0
008 - FIXED-LENGTH DATA ELEMENTS--GENERAL INFORMATION
fixed length control field 210719s2003 xx 000 0 und d
040 ## - CATALOGING SOURCE
Transcribing agency AL
041 ## - LANGUAGE CODE
Language code of text/sound track or separate title hin
082 ## - DEWEY DECIMAL CLASSIFICATION NUMBER
Classification number H891.3 KAMS
100 ## - MAIN ENTRY--PERSONAL NAME
Personal name KAMLESHWAR
9 (RLIN) 207017
110 ## - MAIN ENTRY--CORPORATE NAME
Corporate name or jurisdiction name as entry element कमलेश्वर
9 (RLIN) 207018
245 ## - TITLE STATEMENT
Title Subah dopahar sham: chatr samskaran:
Remainder of title सुबह दोपहर शाम: छात्र संस्करण
260 ## - PUBLICATION, DISTRIBUTION, ETC.
Place of publication, distribution, etc. Dilli
Name of publisher, distributor, etc. Rajpal & Sons
Date of publication, distribution, etc. 2003
300 ## - PHYSICAL DESCRIPTION
Extent 143
Other physical details PB
365 ## - TRADE PRICE
Price amount 20
Currency code Rs
650 ## - SUBJECT ADDED ENTRY--TOPICAL TERM
Topical term or geographic name entry element Hindi Fiction
9 (RLIN) 207019
906 ## - LOCAL DATA ELEMENT F, LDF (RLIN)
a chatr ; dopahar ; samskaran ; sham: ; Subah
942 ## - ADDED ENTRY ELEMENTS (KOHA)
Source of classification or shelving scheme Dewey Decimal Classification
Koha item type Book
Holdings
Withdrawn status Lost status Source of classification or shelving scheme Damaged status Not for loan Collection code Home library Current library Date acquired Cost, normal purchase price Total Checkouts Full call number Barcode Date last seen Price effective from Koha item type
    Dewey Decimal Classification     Hindi St Aloysius Library St Aloysius Library 10/27/2007 20.00   H891.3 KAMS D03097 07/19/2021 07/19/2021 Donated Books